PLK - Carrière - Statistiques

Statistiques générales
  • Ce quiz a été pris 341 fois
    210 depuis la dernière actualisation
  • Le résultat moyen est 87 sur 213
Statistiques - réponses
Hint Réponse % Correct
1 * * * * *
100%
11 * * *
100%
21 *
100%
12 Le P
92%
2 Ténébreux
75%
18 Émotif (Booska 1H)
73%
2022 (remix) Émotif (Booska 1H) (feat. Kamil Ghaouti)
73%
7 Polak
73%
1 POL-AK
73%
11 Copine
71%
15 Go (feat. Krisy)
68%
9 Tout recommencer (feat. Tessa B)
68%
9 Aimer
67%
14 Mental
67%
2 Un peu de haine
67%
7 All Night
63%
5 Attentat (feat. OBOY)
63%
4 Nouvelles
63%
15 Problèmes
63%
6 Casino
62%
17 Pilote (feat. Hamza)
62%
2 Demain
60%
11 Hier (feat. SCH)
60%
10 Monégasque
60%
9 Bunkoeur
59%
2019 Jamais (feat. Mister V)
59%
16 Dingue
57%
11 Du mal
57%
4 Faut pas (feat. Jul)
57%
6 Idiote
57%
14 Dis-moi oui
56%
5 Hola
56%
31 Il pleut à Paris
56%
1 Intro
56%
9 Mamie
56%
9 Panama bende
56%
2019 10 (feat. 404Billy)
54%
5 250
54%
4 A A A
54%
5 Pas ce soir (feat. Krisy)
54%
10 260
52%
2 Le sel
52%
7 Nana
52%
4 Toute l'année (feat. Timal)
52%
3 Waow (feat. Nekfeu)
52%
3 Arai
51%
10 Décembre
51%
2023 Décembre - A COLORS SHOW [COLORS]
51%
8 Gozier (feat. Paluch)
51%
6 7/7 (feat. Kerchak)
49%
12 Chambre 140
49%
3 En ville (feat. SDM)
49%
12 Ils nous comprennent pas
49%
2026 Sex Model (feat. Theodora)
49%
10 Yeux
49%
8 Pelo
48%
8 Pourtant
48%
18 TT
48%
10 A la base
46%
13 En mieux (feat. Hamza)
46%
27 Flash
46%
28 La nuit (feat. TIF)
46%
7 Pas de sentiments
46%
17 Sans suite
46%
4 Skuu (feat. Krisy)
46%
1 Amigo
44%
1 Boost
44%
24 Ça mène à rien (feat. Gazo)
44%
22 EA7
44%
6 Hubert et Saïd
44%
2019 Jack Fuego (feat. SDM)
44%
2 On sait jamais (feat. Niska)
44%
6 Pas les mêmes
44%
1 Plata O Plomo
44%
9 Platinum
44%
4 Séparer
44%
11 10 Millions
43%
3 10 minutes (feat. Dinos)
43%
14 3 en 1
43%
8 Amérique
43%
2025 Astrid (feat. JRK 19)
43%
8 Avec moi
43%
4 Billet d'20
43%
5 Cash
43%
7 Chouchou (feat. Vacra)
43%
2024 Confidences (feat. Vacra)
43%
3 Fin de mois
43%
2 Mentalité
43%
3 Onana
43%
29 Périph
43%
2 Shérif
43%
6 Travailler
43%
10 V2V
43%
2025 ALICANTE (feat. Karmen)
41%
18 Bikini Bottom
41%
12 Calme
41%
15 Enfant du hall
41%
23 Gare du Nord
41%
5 Hall
41%
7 Homies
41%
15 Toutes générations (feat. Rim'K)
41%
14 Weed
41%
1 Bénef
40%
2026 Bleu & rouge
40%
16 Cartelo (feat. Maes)
40%
8 Colis piégés (feat. Lefa)
40%
4 Faut croire
40%
17 (Bonus Track) Flamenco
40%
9 Incontrolables (feat. SCH)
40%
6 Interlude * * * * *
40%
16 Interlude * * *
40%
26 Interlude *
40%
13 Olcho Gvng
40%
2022 Parle-moi (feat. Dadju)
40%
2021 (remix) Petrouchka (feat. RAF Comora & Soso Maness)
40%
2021 Petrouchka (feat. Soso Maness)
40%
2023 Postiché (feat. Jul)
40%
17 P*tain
40%
2 R.A.F
40%
25 A l'envers
38%
6 Dans les clips
38%
12 High
38%
1 Intr100000
38%
3 Izé
38%
19 J'attends
38%
2021 Le bruit des applaudissements (feat. SDM)
38%
13 Ma génération
38%
17 RS3
38%
8 1 € / 1Eu
37%
16 Au fond d'ma tête
37%
11 Chandon et Moët (feat. Heuss L'enfoiré)
37%
11 Corazon (feat. Aladin 135)
37%
15 Mignon tout plein
37%
10 Une pêche une patate
37%
2 Ça fait longtemps
35%
5 La rue
35%
3 Les comptes
35%
2025 Les jolies filles (feat. Zamdane)
35%
13 Niveau
35%
1 Pas besoin
35%
30 Sun
35%
2020 Train de vie (feat. Leto)
35%
16 C'est grave
33%
7 C'est mort
33%
5 Dégaine de bandit
33%
2023 Escorte (feat. Werenoi)
33%
5 La vraie vie
33%
9 Mon poto
33%
7 Perdu
33%
19 Temps perdu
33%
18 Terrible
33%
2024 4MOTION (feat. Maes)
32%
2021 Cosmos (feat. Rim'K)
32%
14 Dangereux
32%
2024 DEFONCE (feat. Lisko Peligrosso)
32%
8 Meilleur cauchemar
32%
2022 Saigne (feat. Dadju)
32%
4 Si ça marche plus
32%
10 Alleluia
30%
20 Avec les miens
30%
13 La vie c'est marrant
30%
2021 BNB (feat. Enima)
29%
2021 Fils 2 (feat. Niro)
29%
2023 Fisheye (feat. Bekar)
29%
2020 230 (feat. Lefa)
27%
2020 Aminata (feat. 13 Block)
27%
2022 Des fois (feat. Dadju)
27%
2018 Lambo (Extrait de la BOF de "Taxi 5") (feat. Mister V)
27%
2020 Grosses Sommes (feat. Matou)
25%
2023 Quand tout s'enflamme (feat. Georgio)
25%
3 Just Un Petit Peu
24%
2021 Le classico organisé (feat. Gazo, Guy2Bezbar, Jul, Koba LaD, Kofs, Naps, SCH & Soso Maness)
24%
2024 Ledger (feat. Lacrim)
24%
2024 Vieilles Gueules (feat. Ormaz)
24%
2021 Bordel (feat. Tiitof)
22%
2024 En pétard (feat. Werenoi)
22%
2024 Faux Paradis (feat. Soprano)
22%
2023 Heist (feat. Aitch)
22%
2017 Hiver (feat. Aladin 135 & Lesram)
22%
2022 Mauvais dans le fond (feat. Doums & S-Crew)
22%
2020 Omar (feat. Koba LaD)
22%
2025 ON FAIT LES CHOSES (feat. Niaks)
22%
2021 ⁹ Sorry (feat. Tsew The Kid)
22%
2021 Tour de France (feat. Gibbs, Favst & Kabe)
22%
2018 Zion (feat. Nemir)
22%
2020 All Day (feat. Aladin 135)
21%
2024 Allez (feat. Naps & Soso Maness)
21%
2023 Gris nardo (feat. Zkr)
21%
2018 Le B ou le P (feat. BLK)
21%
2020 Mec de cité (feat. Ninho & Yaro)
21%
2022 Mondeo (feat. Doums)
21%
2022 Nuage qui passe (feat. Nessbeal)
21%
2018 Piou Piou (feat. Ormaz & Zeu)
21%
2020 Promis (feat. Timal)
21%
2021 Tu vois comment ? (feat. Zkr)
21%
2024 100X (feat. Lesram)
19%
2021 Arriba (feat. Caballero)
19%
2022 Des années (feat. Perkiz, Ryan & Shtar Academy)
19%
2018 Règlement Freestyle #17
19%
2019 XbarV (feat. Dinor rdt)
19%
2022 Avec le temps (feat. Lesram)
17%
2019 Comme à l'ancienne (feat. RK)
17%
2025 Tableau de bord (feat. Alonzo)
17%
2019 Tous les jours (Bizi'N the Hood # 5) (feat. Phénomène Bizness)
17%
2019 Billets (feat. DJ Elite)
16%
2020 Déjà fait (feat. Roshi)
16%
2019 Métastase (feat. Aladin 135 & Kino)
16%
2019 No No No (feat. Black M)
16%
2021 Pas bien (Extrait de la BO "En Passant Pécho") (feat. Kore)
16%
2018 Salut (feat. Yaro)
16%
2018 Sidła (feat. Chris Carson & Paluch)
16%
2020 Tradition (feat. ISHA)
14%
Aucun quiz correspondant
Distribution des résultats
% des personnes avec chaque résultat
Percentile par nombre de réponses
Votre historique - résultats
Vous n’avez pas pris ce quiz depuis la dernière actualisation